Advances in tropical meteorology : Meteorology and national development (Record no. 41046)

MARC details
000 -LEADER
fixed length control field 00554nam a2200181Ia 4500
082 ## - DEWEY DECIMAL CLASSIFICATION NUMBER
Classification number 551.5(213.5)
Item number ADV
100 ## - MAIN ENTRY--AUTHOR NAME
Personal name Datta, Rattan K
245 #0 - TITLE STATEMENT
Title Advances in tropical meteorology : Meteorology and national development
260 ## - PUBLICATION, DISTRIBUTION, ETC. (IMPRINT)
Place of publication New Delhi
Name of publisher Concept Publishing Co
Year of publication 1996
650 ## - SUBJECT ADDED ENTRY--TOPICAL TERM
Topical Term Agricultural meteorology
650 ## - SUBJECT ADDED ENTRY--TOPICAL TERM
Topical Term Aviation meteorology
650 ## - SUBJECT ADDED ENTRY--TOPICAL TERM
Topical Term Disaster mitigation
650 ## - SUBJECT ADDED ENTRY--TOPICAL TERM
Topical Term Monsoon meteorology
650 ## - SUBJECT ADDED ENTRY--TOPICAL TERM
Topical Term Numerical modelling
650 ## - SUBJECT ADDED ENTRY--TOPICAL TERM
Topical Term Water resources
942 ## - ADDED ENTRY ELEMENTS (KOHA)
Koha item type Books
Holdings
Withdrawn status Lost status Damaged status Not for loan Home library Current library Date acquired Cost, normal purchase price Full call number Accession Number Koha item type
        RRII Library RRII Library 16/12/2021 950.00 551.5(213.5) ADV 21338 Books